Theory and analysis of sample survey designs / (Record no. 30670)
[ view plain ]
| 000 -LEADER | |
|---|---|
| fixed length control field | 00503nam a22001577a 4500 |
| 008 - FIXED-LENGTH DATA ELEMENTS--GENERAL INFORMATION | |
| fixed length control field | 200827b ||||| |||| 00| 0 eng d |
| 020 ## - INTERNATIONAL STANDARD BOOK NUMBER | |
| International Standard Book Number | 9789388818292 |
| 050 ## - LIBRARY OF CONGRESS CALL NUMBER | |
| Classification number | QA 276.6 .S52 2020 |
| 100 ## - MAIN ENTRY--PERSONAL NAME | |
| Personal name | Singh, Daroga |
| 245 ## - TITLE STATEMENT | |
| Title | Theory and analysis of sample survey designs / |
| Statement of responsibility, etc. | Daroga Singh |
| 250 ## - EDITION STATEMENT | |
| Edition statement | 2nd ed |
| 260 ## - PUBLICATION, DISTRIBUTION, ETC. (IMPRINT) | |
| Place of publication, distribution, etc. | New Delhi: |
| Name of publisher, distributor, etc. | New Age International, |
| Date of publication, distribution, etc. | 2020. |
| 300 ## - PHYSICAL DESCRIPTION | |
| Extent | xi,380p. : |
| Other physical details | ill. ; |
| Dimensions | 24cm. |
| 521 ## - TARGET AUDIENCE NOTE | |
| Target audience note | Includes index. |
| 942 ## - ADDED ENTRY ELEMENTS (KOHA) | |
| Source of classification or shelving scheme | |
| Koha item type | Hard Covered Materials |
| Classification part | QA 276.6 .S52 2020 |
| Withdrawn status | Lost status | Source of classification or shelving scheme | Damaged status | Not for loan | Home library | Current library | Shelving location | Date acquired | Source of acquisition | Cost, normal purchase price | Total Checkouts | Full call number | Barcode | Date last seen | Date last checked out | Price effective from | Koha item type |
|---|---|---|---|---|---|---|---|---|---|---|---|---|---|---|---|---|---|
| MACHAKOS UNIVERSITY LIBRARY | MACHAKOS UNIVERSITY LIBRARY | Open shelf | 27/08/2020 | Purchase | 2117.00 | 2 | QA 276.6 .S52 2020 | 23337 | 09/11/2023 | 24/10/2023 | 27/08/2020 | Hard Covered Materials | |||||
| MACHAKOS UNIVERSITY LIBRARY | MACHAKOS UNIVERSITY LIBRARY | Open shelf | 27/08/2020 | Purchase | 2117.00 | 4 | QA 276.6 .S52 2020 | 23336 | 14/12/2023 | 29/11/2023 | 27/08/2020 | Hard Covered Materials | |||||
| MACHAKOS UNIVERSITY LIBRARY | MACHAKOS UNIVERSITY LIBRARY | Open shelf | 09/02/2021 | Donation(educate yourself) | 2371.00 | QA 276.6 .S56 2020 | 23582 | 25/02/2021 | 09/02/2021 | Hard Covered Materials | |||||||
| MACHAKOS UNIVERSITY LIBRARY | MACHAKOS UNIVERSITY LIBRARY | Open shelf | 07/03/2022 | Purchase - Corporate Campus | 3 | QA 276.6 .S52 2020 | 39123 | 16/12/2025 | 09/12/2025 | 11/03/2022 | Hard Covered Materials |